| 000 | 00534nam a22002057a 4500 | ||
|---|---|---|---|
| 003 | Nust | ||
| 005 | 20211208095116.0 | ||
| 008 | 170207b xxu||||| |||| 00| 0 eng d | ||
| 020 | _a9788184893991 | ||
| 038 | _akhadija | ||
| 040 | _cc | ||
| 082 |
_a658.503 _bNYH |
||
| 100 |
_aNyhuis, Peter _986005 |
||
| 245 |
_aFundamentals of Production Logistics / _cPeter Nyhuis and Hans-Peter Wiendahl |
||
| 260 |
_aNew York : _bSpringer, _c2009. |
||
| 300 |
_a312 p. ; _c22 cm. |
||
| 500 | _aPaperback. | ||
| 563 | _aPB | ||
| 942 |
_cBK _2ddc |
||
| 999 |
_c32233 _d32233 |
||